000 00943nam a2200277Ia 4500
005 20240530110936.0
008 140319s2007 xx 000 0 ara d
017 _bمصر. دار الكتب
020 _a9773800679
040 _aGCL /
_cGCL
082 0 4 _a509 /
_bص م
_221
100 1 _aصبحى سليمان
245 1 0 _aالمخترعون العرب اصل الحضارة /
_cصبحى سليمان
260 _aالقاهرة :
_bدار العلوم للنشر والتوزيع،
_c2007
300 _a191 ص ؛
_b24 سم
650 0 4 _aالعلماء
_2qrmak
650 0 4 _aالعلماء العرب
_2qrmak
650 0 4 _aالاختراعات
_2qrmak
650 0 4 _aالمكتشفون
_2qrmak
650 0 4 _aالمخترعون
_2qrmak
650 0 4 _aالطب الاسلامى
_2qrmak
650 0 4 _aالعلم والمجتمع
_2qrmak
651 _2qrmak
942 _2ddc
_cBK
999 _c66750
_d66750